| 000 | 00775nam a2200253Ia 4500 | ||
|---|---|---|---|
| 003 | OSt | ||
| 005 | 20220923224909.0 | ||
| 006 | a|||||r|||| 00| 0 | ||
| 007 | ta | ||
| 008 | 220922b |||||||| |||| 00| 0 san d | ||
| 024 | _a253,330 | ||
| 037 | _cTextual | ||
| 040 |
_aARTS _cARTS _bsan |
||
| 041 |
_2san _asan |
||
| 082 | _aO15x, K9 | ||
| 100 | _aविष्ववसेन | ||
| 245 | 0 | _aहिन्दी श्री भाष्य प्रकाशनाभिनन्दनम् | |
| 246 | _aHindī shrī bhāṣhya prakāshanābhinandanam | ||
| 260 | _c1969 | ||
| 300 |
_a104पृ0 _ccm. |
||
| 650 | _aसंस्कृत साहित्य | ||
| 942 |
_hO15x, K9 _cTEXL _2CC |
||
| 999 |
_c374480 _d374480 |
||